000 01846cab a2200301 4500
001 ABS68136
008 040813n2004 000 0 eng u
035 _a(Sirsi) u127064
100 _aEves, C.
245 4 _aThe impact of flooding on residential property buyer behaviour: an England and Australian comparison of flood affected property
260 _c2004
490 _aStructural Survey
_v22(2) 2004, 84-94(11)
520 _aProvides details of how exposure to flood events impacts on residential property markets and buyer behaviour associated with flood-prone property and offers insights into the implications and possible ramifications of flooding on the construction, finance and insurance of residential property in flood-affected areas. Uses surveys of English and Welsh property professionals and flood-affected residential property in Sydney, Australia to conclude that there is a correlation between the severity of flooding and a reduction in residential property values. Tables cover: England and Wales flood incidence 2000-01; the extent of flood defences; market sentiment and river proximity; residential property flooding insurance and finance; and the impact of 2000-01 flooding on residential property values. Figures show a comparison of flood free and flood liable residential property 1984-2000 and a residential property capital return index 1984-2000. References and further reading.
590 _aABS
650 _aRESIDENTIAL PROPERTY
_96266
650 _aPROPERTY FINANCE
650 _aPROPERTY INSURANCE
650 _aPROPERTY VALUES
650 _aFLOOD DEFENCES
650 _aFLOOD RISK
650 _aHOUSE PRICES
650 _aFLOODING
650 _aENGLAND
650 _aSYDNEY
650 _aAUSTRALIA
690 _aPROPERTY-RESIDENTIAL PROPERTY-RESIDENTIAL PROPERTY MARKET
942 _n0
999 _c74502
_d74502